000 00457nam a2200181Ia 4500
001 14752
005 20260306164937.0
008 260306t2008||||xx |||||||||||||| ||spa||
041 _aESP
082 _a519.2
_bD64 2008
100 _aDevore, Jay L.
_eAUT
245 0 _aProbabilidad y estadística para ingeniería y ciencias
260 _c2008
300 _axvi, 720 páginas :
_c26 cm.
650 _aGEN
654 _aCMA
942 _cLIB
_dJUS
_fJUS
_2ddc
_n
999 _c14752
_d14752